Rarest Phobias - Statistics

General Stats
  • This quiz has been taken 32 times
  • The average score is 4 of 18
Answer Stats
Hint Answer % Correct
Hippopotomonstrosesquipedaliophobia long words
77%
Phobophobia phobias
36%
Ambulophobia walking
36%
Alektrophobia chickens
27%
Emetophobia vomiting
27%
Arachibutyrophobia peanut butter
23%
Globophobia balloons
18%
Ablutophobia bathing
18%
Ombrophobia rain
18%
Vestiphobia clothing
14%
Decidophobia decisions
14%
Chaetophobia hair
14%
Ergophobia work
14%
Pogonophobia beards
9%
Chiclephobia chewing gum
9%
Gerascophobia aging
5%
Anatidaephobia duck watching you
5%
Ephebiphobia teenagers
5%
No matching quizzes found
Score Distribution
Percent of People with Each Score
Percentile by Number Answered
Your Score History
You have not taken this quiz